[Event "8.HK 60 aars Jubilaeumsturnering 2003"]
[Site "Farum"]
[Date "2003.10.12"]
[Round "1"]
[White "Bromann, Thorbjorn"]
[Black "Olsen, Miriam Frida"]
[Result "1-0"]
[WhiteElo "2323"]
[BlackElo "1966"]
[PlyCount "45"]
[EventDate "2003.??.??"]

1. d4 Nf6 2. Nc3 d5 3. Bg5 Bf5 4. f3 Bg6 5. Nh3 c6 6. Qd2 Nbd7 7. Nf4 e5 8.
Nxg6 hxg6 9. dxe5 Nxe5 10. Qe3 Qe7 11. O-O-O O-O-O 12. Qxa7 Nc4 13. e4 Qb4 14.
Bxc4 Qxc4 15. Qa8+ Kc7 16. Qa5+ Kc8 17. Bf4 b6 18. Qxb6 Bd6 19. Bxd6 Rxd6 20.
Rd4 Nd7 21. Qa7 Qc5 22. Qxc5 Nxc5 23. exd5 1-0

[Event "8.HK 60 aars Jubilaeumsturnering 2003"]
[Site "Farum"]
[Date "2003.10.12"]
[Round "1"]
[White "Lauritsen, Martin Lee"]
[Black "Kongsted, Halfdan Christian"]
[Result "1/2-1/2"]
[WhiteElo "1955"]
[BlackElo "2280"]
[PlyCount "132"]
[EventDate "2003.??.??"]

1. e4 e6 2. d4 d5 3. Nc3 Be7 4. Be3 dxe4 5. Nxe4 Nd7 6. Nf3 Ngf6 7. Nxf6+ Bxf6
8. Be2 O-O 9. O-O b6 10. c3 Bb7 11. Nd2 c5 12. dxc5 Nxc5 13. Bxc5 bxc5 14. Qc2
Qc7 15. Bf3 Rab8 16. Bxb7 Rxb7 17. Rab1 Be7 18. b3 Bd6 19. h3 Qe7 20. Nc4 Bb8
21. g3 Qg5 22. Kh2 e5 23. Qe4 Re7 24. Qd5 h5 25. f4 Qg6 26. fxe5 Qc2+ 27. Kh1
Qxc3 28. Rf3 Qd4 29. Rd1 Qxd5 30. Rxd5 Rfe8 31. Rxc5 Bxe5 32. Nxe5 Rxe5 33.
Rxe5 Rxe5 34. Kg2 Rc5 35. b4 Rc2+ 36. Rf2 Rc3 37. Rf5 Ra3 38. Rxh5 Rxa2+ 39.
Kf3 Ra3+ 40. Kf2 Rd3 41. Ra5 Rd7 42. g4 Kf8 43. Ke3 Ke7 44. h4 f6 45. Ke4 Rb7
46. b5 Rd7 47. Ra3 Kf7 48. Rb3 Kg6 49. b6 axb6 50. Rxb6 Ra7 51. Kf4 Ra4+ 52.
Kg3 Ra3+ 53. Kg2 Rd3 54. Ra6 Rd7 55. Kg3 Kf7 56. Kf4 g6 57. Rb6 Kg7 58. Ra6
Rd4+ 59. Kg3 f5 60. gxf5 gxf5 61. Rb6 Rg4+ 62. Kh3 Rg1 63. Kh2 Re1 64. h5 Re4
65. h6+ Kh7 66. Rf6 Rh4+ 1/2-1/2

[Event "8.HK 60 aars Jubilaeumsturnering 2003"]
[Site "Farum"]
[Date "2003.10.12"]
[Round "1"]
[White "Strange, Mikkel"]
[Black "Moller, Arne Vagn"]
[Result "1-0"]
[WhiteElo "2256"]
[BlackElo "1945"]
[PlyCount "99"]
[EventDate "2003.??.??"]

1. e4 c5 2. Nf3 d6 3. d4 cxd4 4. Nxd4 Nf6 5. Nc3 e5 6. Bb5+ Bd7 7. Bxd7+ Qxd7
8. Nf5 g6 9. Ne3 Nc6 10. Ned5 Nxd5 11. Nxd5 Bg7 12. Bh6 O-O 13. O-O f5 14. Bxg7
Kxg7 15. Qd3 Ne7 16. Rad1 fxe4 17. Qxe4 Nxd5 18. Qxd5 Rad8 19. Rd2 Qf7 20. Rfd1
Qxd5 21. Rxd5 Kf6 22. Rxd6+ Rxd6 23. Rxd6+ Ke7 24. Rd2 Ke6 25. Kf1 g5 26. Ke2
h5 27. c4 Rf4 28. Kd3 Rh4 29. h3 g4 30. hxg4 Rxg4 31. f3 Rf4 32. Kc3 e4 33. Re2
Kf5 34. Rxe4 Rxe4 35. fxe4+ Kxe4 36. a4 Ke3 37. a5 Kf2 38. a6 b6 39. b4 Kxg2
40. c5 bxc5 41. bxc5 h4 42. c6 h3 43. c7 h2 44. c8=Q h1=Q 45. Qa8+ Kh2 46.
Qxh1+ Kxh1 47. Kd4 Kg2 48. Kd5 Kf3 49. Kc6 Ke4 50. Kb7 1-0

[Event "8.HK 60 aars Jubilaeumsturnering 2003"]
[Site "Farum"]
[Date "2003.10.12"]
[Round "1"]
[White "Edoo, Niels"]
[Black "Rathlev, Jakob"]
[Result "0-1"]
[WhiteElo "1977"]
[BlackElo "2203"]
[PlyCount "108"]
[EventDate "2003.??.??"]

1. e4 c5 2. Nf3 e6 3. d4 cxd4 4. Nxd4 a6 5. Bd3 Nf6 6. O-O Qc7 7. Bg5 Be7 8.
Kh1 h5 9. f4 Qb6 10. c3 Nc6 11. Nxc6 dxc6 12. Nd2 Ng4 13. Bxe7 Kxe7 14. Qe1 Qe3
15. Be2 b5 16. Rf3 Qb6 17. Qh4+ f6 18. Raf1 Bb7 19. Rg3 Rag8 20. Bxg4 hxg4 21.
Qxg4 c5 22. Rh3 Rxh3 23. Qxh3 Qd8 24. Qe3 Qd6 25. Re1 Rd8 26. Nf3 a5 27. e5 Qd5
28. h3 Rd7 29. exf6+ gxf6 30. Kh2 Rc7 31. Re2 a4 32. Qf2 Qxa2 33. Qh4 Qb1 34.
Qg4 Bd5 35. Qg7+ Kd6 36. Qxf6 Qd3 37. Qe5+ Kc6 38. Qe3 Qf5 39. Ne5+ Kb6 40. Rd2
Kb7 41. Nd3 Qf8 42. Ne5 c4 43. Rf2 b4 44. Qd2 b3 45. Ng4 a3 46. bxa3 Qxa3 47.
f5 Qd6+ 48. g3 exf5 49. Rxf5 Rd7 50. Nf6 Bc6 51. Qf2 Rd8 52. Ng4 Qd2 53. Kg1
Qxf2+ 54. Rxf2 Rd1+ 0-1

[Event "8.HK 60 aars Jubilaeumsturnering 2003"]
[Site "Farum"]
[Date "2003.10.12"]
[Round "1"]
[White "Erichsen, Dan"]
[Black "Sorensen, Reto Utiger"]
[Result "1-0"]
[WhiteElo "2154"]
[BlackElo "1918"]
[PlyCount "51"]
[EventDate "2003.??.??"]

1. e4 d5 2. exd5 Qxd5 3. Nc3 Qa5 4. d4 c6 5. Nf3 Nf6 6. Bc4 Bf5 7. Bd2 e6 8.
Qe2 Bb4 9. O-O-O Nbd7 10. a3 Bxc3 11. Bxc3 Qc7 12. Ne5 Nxe5 13. dxe5 Nd5 14.
Bxd5 exd5 15. g4 Be6 16. f4 g6 17. Rhf1 Rf8 18. f5 Bc8 19. Bb4 Rg8 20. e6 gxf5
21. gxf5 c5 22. exf7+ Kxf7 23. Qh5+ Kf8 24. Rde1 Bd7 25. Qh6+ Kf7 26. f6 1-0

[Event "8.HK 60 aars Jubilaeumsturnering 2003"]
[Site "Farum"]
[Date "2003.10.12"]
[Round "1"]
[White "Stolberg Rohr, Thomine"]
[Black "Andersen, Ib Hother"]
[Result "0-1"]
[WhiteElo "1844"]
[BlackElo "2137"]
[PlyCount "65"]
[EventDate "2003.??.??"]

1. e4 e5 2. Nc3 Nf6 3. g3 d5 4. exd5 Nxd5 5. Bg2 Nxc3 6. bxc3 Bc5 7. Rb1 O-O 8.
Nf3 Nc6 9. O-O Bg4 10. h3 Be6 11. Qe2 Re8 12. Rb5 Bb6 13. a4 a6 14. Rb1 Qd7 15.
Ba3 Bxh3 16. Rfe1 Bxg2 17. Kxg2 e4 18. Ng5 Qd5 19. Nxe4 f5 20. f3 fxe4 21. fxe4
Qa2 22. Bb2 Qxa4 23. d4 Na5 24. Rh1 Qc6 25. Rh4 Nc4 26. Ba1 h6 27. Re1 Rf8 28.
Qg4 Qf6 29. Qe2 Qe6 30. Reh1 Rae8 31. d5 Qxd5 32. Rd1 Ne3+ 33. Qxe3 0-1

[Event "8.HK 60 aars Jubilaeumsturnering 2003"]
[Site "Farum"]
[Date "2003.10.12"]
[Round "1"]
[White "Skjoldager, Flemming"]
[Black "Larsen, Knud"]
[Result "1/2-1/2"]
[WhiteElo "2123"]
[BlackElo "1830"]
[PlyCount "74"]
[EventDate "2003.??.??"]

1. e4 e5 2. Nf3 Nc6 3. Bb5 a6 4. Ba4 Nf6 5. Qe2 b5 6. Bb3 Be7 7. c3 O-O 8. O-O
d6 9. h3 Na5 10. Bc2 c5 11. d3 Nc6 12. Rd1 Qc7 13. Nbd2 Ne8 14. g4 g6 15. Nf1
f5 16. Bb3+ Kh8 17. Ng5 Bxg5 18. Bxg5 fxg4 19. hxg4 Ng7 20. Ne3 Be6 21. Bxe6
Nxe6 22. Nd5 Qf7 23. Bf6+ Kg8 24. g5 Nf4 25. Nxf4 exf4 26. Qg4 h6 27. d4 cxd4
28. cxd4 hxg5 29. e5 Rae8 30. Qxg5 dxe5 31. dxe5 Qh7 32. Rac1 Nxe5 33. Bxe5 Rf5
34. Qg4 Rfxe5 35. Kg2 f3+ 36. Kg3 Re4 37. Qg5 R4e5 1/2-1/2

[Event "8.HK 60 aars Jubilaeumsturnering 2003"]
[Site "Farum"]
[Date "2003.10.12"]
[Round "1"]
[White "Hansen, Alex Mehr"]
[Black "Lilja, Richard"]
[Result "1-0"]
[WhiteElo "1771"]
[BlackElo "2115"]
[PlyCount "152"]
[EventDate "2003.??.??"]

1. e4 c5 2. c3 d5 3. exd5 Qxd5 4. Qb3 Nf6 5. Qxd5 Nxd5 6. Nf3 Nc6 7. Bb5 Bd7 8.
Bxc6 Bxc6 9. Ne5 Rc8 10. O-O Nf4 11. Nxc6 Rxc6 12. Na3 Rg6 13. g3 h5 14. h4 Nd3
15. Nc2 e6 16. Ne1 Ne5 17. d3 Be7 18. Bf4 Nc6 19. Nf3 O-O 20. Rad1 Bf6 21. Bd6
Be7 22. Bxe7 Nxe7 23. Ne5 Rh6 24. d4 cxd4 25. Rxd4 f6 26. Rd7 Nd5 27. Nc4 b5
28. Nd6 a6 29. Re1 f5 30. Ra7 f4 31. Ne4 fxg3 32. fxg3 Nf6 33. Ng5 Nh7 34. Nxh7
Kxh7 35. Rxa6 Rg6 36. Kg2 Rd8 37. Raxe6 Rxe6 38. Rxe6 Rd2+ 39. Kf3 Rxb2 40. Rb6
Rc2 41. Rxb5 Rxc3+ 42. Kf4 Rc4+ 43. Kf5 Ra4 44. Rb2 Ra3 45. Rg2 Ra4 46. Kg5
Ra5+ 47. Kf4 Ra4+ 48. Ke5 Kg6 49. Kd5 Kf5 50. Rf2+ Kg4 51. Rf4+ Rxf4 52. gxf4
Kxf4 53. a4 g5 54. hxg5 h4 55. g6 h3 56. g7 h2 57. g8=Q h1=Q+ 58. Kc5 Qa1 59.
Qf7+ Kg5 60. Qe7+ Kf5 61. Qd7+ Kf6 62. Qd8+ Kf7 63. Qd7+ Kf6 64. Kb6 Qb2+ 65.
Ka6 Qb3 66. Qd8+ Ke5 67. Qc7+ Kf5 68. a5 Qd3+ 69. Ka7 Qd4+ 70. Qb6 Qd7+ 71. Ka6
Qc8+ 72. Kb5 Qd7+ 73. Qc6 Qd3+ 74. Kb6 Qd8+ 75. Ka6 Qd3+ 76. Qb5+ Qxb5+ 1-0

[Event "8.HK 60 aars Jubilaeumsturnering 2003"]
[Site "Farum"]
[Date "2003.10.12"]
[Round "1"]
[White "Bogdanov, Dimitri"]
[Black "Larsen, Finn (1950)"]
[Result "1/2-1/2"]
[WhiteElo "2111"]
[BlackElo "1736"]
[PlyCount "114"]
[EventDate "2003.??.??"]

1. e4 e6 2. d4 d5 3. Nd2 Nf6 4. e5 Nfd7 5. c3 c5 6. Bd3 Nc6 7. Ne2 cxd4 8. cxd4
Qb6 9. Nf3 Be7 10. O-O O-O 11. a3 Re8 12. b4 Nf8 13. Bd2 Bd7 14. b5 Na5 15. a4
a6 16. Rb1 axb5 17. Bxb5 Bxb5 18. Rxb5 Qc7 19. Qb1 Reb8 20. Bxa5 Rxa5 21. Rc1
Qd8 22. Rxb7 Rxb7 23. Qxb7 Rxa4 24. h3 Rb4 25. Qa7 Rc4 26. Rxc4 dxc4 27. Nd2 c3
28. Nxc3 Bb4 29. Nde4 Qc8 30. Na2 Qc2 31. Ng5 Qf5 32. Nf3 Qb1+ 33. Kh2 Be1 34.
Nxe1 Qxe1 35. Kg3 Qe4 36. Qc5 h5 37. Qc3 h4+ 38. Kh2 Ng6 39. Nc1 Qf4+ 40. Kg1
Qg5 41. Ne2 Nf4 42. Nxf4 Qxf4 43. Qe3 Qf5 44. Kh2 Kh7 45. g4 hxg3+ 46. Qxg3 Qe4
47. Qg4 Qd3 48. Kg2 Qc4 49. Qe4+ Kg8 50. h4 Qc1 51. Kg3 Qg1+ 52. Qg2 Qa1 53.
Qe4 Qg1+ 54. Kf3 Qd1+ 55. Kg2 Qa1 56. Qf4 Qc3 57. h5 Qd3 1/2-1/2

[Event "8.HK 60 aars Jubilaeumsturnering 2003"]
[Site "Farum"]
[Date "2003.10.12"]
[Round "1"]
[White "Hansen, Henrik Damgaard"]
[Black "Skjoldan, Benjamin"]
[Result "0-1"]
[WhiteElo "1703"]
[BlackElo "2104"]
[PlyCount "60"]
[EventDate "2003.??.??"]

1. e4 c5 2. c3 Nf6 3. e5 Nd5 4. d4 cxd4 5. cxd4 e6 6. Nf3 d6 7. Nc3 Nxc3 8.
bxc3 Qc7 9. Qb3 a6 10. Ba3 Nd7 11. Bxd6 Bxd6 12. exd6 Qxd6 13. Rd1 O-O 14. Be2
b5 15. O-O Nf6 16. Rfe1 Bb7 17. Ne5 Bd5 18. Qb2 Rfc8 19. Bf3 Bxf3 20. Nxf3 Nd5
21. Rd3 Rc7 22. Rc1 Rac8 23. a3 a5 24. Nd2 Qc6 25. Nb3 Nf4 26. Rf3 Qe4 27. Nc5
Rxc5 28. dxc5 Ne2+ 29. Kf1 Nxc1 30. Qxb5 Rd8 0-1

[Event "8.HK 60 aars Jubilaeumsturnering 2003"]
[Site "Farum"]
[Date "2003.10.12"]
[Round "1"]
[White "Auchenberg, Per"]
[Black "Thomsen, Frode Helvig"]
[Result "1-0"]
[WhiteElo "2098"]
[BlackElo "1558"]
[PlyCount "93"]
[EventDate "2003.??.??"]

1. f4 d5 2. b3 e6 3. Bb2 Nf6 4. Nf3 b6 5. g3 Bb7 6. Bg2 Nbd7 7. O-O Be7 8. c4
O-O 9. Nc3 c5 10. e3 a6 11. Qe2 Qc7 12. d3 Bc6 13. e4 d4 14. Nd1 Rfb8 15. e5
Ne8 16. Nf2 Nf8 17. Ne4 Qb7 18. Nfd2 Ra7 19. b4 Qd7 20. bxc5 bxc5 21. Nb3 Bxe4
22. Bxe4 g6 23. Qg2 Ng7 24. g4 a5 25. Bc6 Qc7 26. Ba3 a4 27. Nd2 Rc8 28. Bb5
Qa5 29. Ne4 Qd8 30. Rae1 Ne8 31. Bxe8 Qxe8 32. f5 exf5 33. gxf5 Nd7 34. Nf6+
Bxf6 35. exf6 Qf8 36. Re7 Rac7 37. fxg6 hxg6 38. Qg5 Nb8 39. Rfe1 Na6 40. h4
Rxe7 41. Rxe7 Rb8 42. h5 Rb1+ 43. Kf2 Qb8 44. Re5 Nb4 45. Bxb4 Rxb4 46. Qh6
Rb2+ 47. Kf3 1-0

[Event "8.HK 60 aars Jubilaeumsturnering 2003"]
[Site "Farum"]
[Date "2003.10.12"]
[Round "1"]
[White "Christoffersen, Jan"]
[Black "Hansen, Lars Henrik Bech"]
[Result "0-1"]
[WhiteElo "1422"]
[BlackElo "2090"]
[PlyCount "30"]
[EventDate "2003.??.??"]

1. e4 d6 2. d4 Nf6 3. Bd3 g6 4. c4 Bg7 5. Be3 Ng4 6. Qd2 Nxe3 7. Qxe3 c5 8. Ne2
Nc6 9. e5 cxd4 10. Nxd4 Nxd4 11. Na3 Qa5+ 12. Kd1 Qxe5 13. Qd2 Bg4+ 14. f3 Nxf3
15. Qb4 Ne1+ 0-1

[Event "8.HK 60 aars Jubilaeumsturnering 2003"]
[Site "Farum"]
[Date "2003.10.12"]
[Round "1"]
[White "Ulrich, Jesper"]
[Black "Nielsen, Erik"]
[Result "1-0"]
[WhiteElo "2082"]
[BlackElo "1390"]
[PlyCount "75"]
[EventDate "2003.??.??"]

1. d4 d5 2. c4 c6 3. Nc3 Nf6 4. Bg5 Nbd7 5. e3 e6 6. Nf3 Be7 7. Qc2 h6 8. Bh4
O-O 9. Rc1 a6 10. Bd3 Ne8 11. Bg3 Ndf6 12. O-O Nd6 13. c5 Nb5 14. Na4 Nc7 15.
Nb6 Rb8 16. Qb3 Nh5 17. Be5 Nf6 18. a4 Nd7 19. Bg3 Nf6 20. Ra1 Nh5 21. Be5 Nf6
22. Bc2 Nd7 23. Bf4 f5 24. h3 Nf6 25. Ne5 Bd7 26. Ng6 Rf7 27. g4 fxg4 28. hxg4
Nxg4 29. Qd3 Nf6 30. Nxd7 Qxd7 31. Ne5 Qd8 32. Nxf7 Kxf7 33. Qg6+ Kg8 34. Bxh6
Qf8 35. Bf4 Rc8 36. Kg2 Qf7 37. Rh1 Nce8 38. Rh8+ 1-0

[Event "8.HK 60 aars Jubilaeumsturnering 2003"]
[Site "Farum"]
[Date "2003.10.12"]
[Round "1"]
[White "Pedersen, Jens Kornbaek"]
[Black "Hejberg, Carsten"]
[Result "0-1"]
[WhiteElo "1339"]
[BlackElo "2062"]
[PlyCount "20"]
[EventDate "2003.??.??"]

1. c4 Nf6 2. d4 g6 3. Nc3 Bg7 4. e4 d6 5. Nf3 O-O 6. Bd3 e5 7. dxe5 dxe5 8.
Nxe5 Nxe4 9. Nxf7 Nxc3 10. Qb3 Qxd3 0-1

[Event "8.HK 60 aars Jubilaeumsturnering 2003"]
[Site "Farum"]
[Date "2003.10.12"]
[Round "1"]
[White "Pallesen, Jacob"]
[Black "Hein, Jacob"]
[Result "1-0"]
[WhiteElo "2059"]
[BlackElo "1338"]
[PlyCount "93"]
[EventDate "2003.??.??"]

1. e4 e5 2. d4 exd4 3. Qxd4 Nc6 4. Qe3 b6 5. Nc3 Bc5 6. Qg3 Bd4 7. Nb5 d6 8.
Nxd4 Nxd4 9. Qxg7 Qf6 10. Qxf6 Nxf6 11. Bd3 Rg8 12. Be3 Nc6 13. g3 Bb7 14. f3
O-O-O 15. Nh3 h6 16. Bxh6 d5 17. Bg5 Rd6 18. Bxf6 Rxf6 19. O-O Ne5 20. Kg2 Ng6
21. Ng1 Nf4+ 22. Kh1 Nh5 23. Ne2 Rh6 24. Kg2 Kd8 25. Rad1 Ke7 26. exd5 Bxd5 27.
c4 Be6 28. Kf2 Nf6 29. h4 Nd7 30. Nf4 Nc5 31. Nxe6 Rxe6 32. b4 Nd7 33. Bf5 Rd6
34. Rfe1+ Kd8 35. Bxd7 Kxd7 36. g4 c5 37. Rxd6+ Kxd6 38. b5 Rg6 39. Kg3 f5 40.
Kf4 fxg4 41. fxg4 Rf6+ 42. Kg5 Rf2 43. h5 Rxa2 44. h6 a5 45. bxa6 Rxa6 46. h7
Ra8 47. Kh6 1-0

[Event "8.HK 60 aars Jubilaeumsturnering 2003"]
[Site "Farum"]
[Date "2003.10.12"]
[Round "1"]
[White "Jensen, Jonbert"]
[Black "Christensen, Rene Baarup"]
[Result "0-1"]
[WhiteElo "1291"]
[BlackElo "2020"]
[PlyCount "56"]
[EventDate "2003.??.??"]

1. e4 c5 2. Nf3 Nc6 3. d4 cxd4 4. Nxd4 g6 5. Be3 Bg7 6. c3 Nf6 7. Bd3 O-O 8.
Nd2 d5 9. f3 e5 10. Ne2 d4 11. cxd4 exd4 12. Bf2 Nd7 13. O-O Nde5 14. Nb3 Nb4
15. Nec1 Bh6 16. a3 Nbc6 17. Ne2 Be3 18. Ng3 h5 19. Qe2 h4 20. Nh1 Nxd3 21.
Qxd3 Ne5 22. Qd1 Qg5 23. Bxe3 Qxe3+ 24. Rf2 Nd3 25. Qd2 Nxf2 26. Qxe3 dxe3 27.
Nxf2 exf2+ 28. Kxf2 Rd8 0-1

[Event "8.HK 60 aars Jubilaeumsturnering 2003"]
[Site "Farum"]
[Date "2003.10.12"]
[Round "1"]
[White "Mortensen, Henrik"]
[Black "Larsen, Alex"]
[Result "1-0"]
[WhiteElo "2018"]
[BlackElo "1234"]
[PlyCount "85"]
[EventDate "2003.??.??"]

1. e4 d5 2. Nc3 d4 3. Nce2 e5 4. Nf3 Nc6 5. c3 d3 6. Ng3 Bg4 7. h3 Be6 8. Qa4
Qd7 9. Ng5 O-O-O 10. Nxe6 Qxe6 11. Qd1 g6 12. Qg4 Qxg4 13. hxg4 Bc5 14. Rh3 Nf6
15. f3 Rd7 16. Nh1 h5 17. gxh5 Rxh5 18. Rxh5 Nxh5 19. Nf2 Bxf2+ 20. Kxf2 f5 21.
exf5 gxf5 22. b3 e4 23. Bb2 b6 24. Re1 exf3 25. Kxf3 Rg7 26. c4 Rg3+ 27. Kf2
Kd7 28. Re3 Rxe3 29. Kxe3 f4+ 30. Kf3 Ke6 31. Kg4 Nf6+ 32. Kxf4 Nb4 33. a3 Nc2
34. Bxd3 Ne1 35. Bf5+ Kf7 36. g4 Ne8 37. g5 Nd6 38. g6+ Kf8 39. g7+ Kg8 40.
Be6+ Nf7 41. Kf5 Nf3 42. Bf6 Nxd2 43. Kg6 1-0

[Event "8.HK 60 aars Jubilaeumsturnering 2003"]
[Site "Farum"]
[Date "2003.10.12"]
[Round "1"]
[White "Olsen, Ole"]
[Black "Ohayv, Nikolaj"]
[Result "0-1"]
[WhiteElo "1179"]
[BlackElo "1967"]
[PlyCount "112"]
[EventDate "2003.??.??"]

1. e4 c5 2. Nc3 Nc6 3. Nf3 d6 4. h3 a6 5. Bc4 e6 6. d4 cxd4 7. Nxd4 Nf6 8. Nxc6
bxc6 9. Bb3 Be7 10. Bf4 O-O 11. e5 Nd5 12. Nxd5 cxd5 13. Qe2 dxe5 14. Bxe5 Bd7
15. O-O-O Bf6 16. Rd3 Bb5 17. c4 Rc8 18. Rd4 Bxe5 19. Qxe5 Bxc4 20. Bxc4 Rxc4+
21. Rxc4 dxc4 22. Qc5 Qb8 23. Qe3 Qb7 24. f3 Rb8 25. Qc3 a5 26. a3 a4 27. Rd1
Qb3 28. Qxb3 cxb3 29. Rd4 Ra8 30. Kd2 g5 31. Kc3 Kg7 32. Kb4 f5 33. Kb5 Kf6 34.
Rxa4 Rb8+ 35. Kc4 h5 36. Rb4 Rd8 37. Kxb3 Rd2 38. a4 Rxg2 39. a5 Rd2 40. Kc3
Rd5 41. Ra4 Ke5 42. a6 Rd8 43. a7 Ra8 44. Kd3 g4 45. hxg4 hxg4 46. f4+ Kd5 47.
b4 Kc6 48. Kc4 Kb6 49. Ra3 Rxa7 50. Re3 Re7 51. Rg3 e5 52. fxe5 Rxe5 53. Kd4
Re4+ 54. Kd5 Kb5 55. Rb3 Rxb4 56. Ke5 Rxb3 0-1

[Event "8.HK 60 aars Jubilaeumsturnering 2003"]
[Site "Farum"]
[Date "2003.10.13"]
[Round "2"]
[White "Hansen, Lars Henrik Bech"]
[Black "Bromann, Thorbjorn"]
[Result "0-1"]
[WhiteElo "2090"]
[BlackElo "2323"]
[PlyCount "64"]
[EventDate "2003.??.??"]

1. e4 e6 2. d4 d5 3. Nc3 Nf6 4. Bg5 Bb4 5. e5 h6 6. Be3 Ne4 7. Qg4 g6 8. a3
Bxc3+ 9. bxc3 Nxc3 10. Bd3 Nc6 11. h4 Qe7 12. h5 g5 13. Nh3 Bd7 14. Bd2 Na4 15.
f4 gxf4 16. Qxf4 O-O-O 17. Rb1 Qxa3 18. O-O Nb2 19. Bb5 Rhg8 20. Kh2 Nc4 21.
Bxc6 Bxc6 22. Ra1 Qf8 23. Rxa7 Kb8 24. Rfa1 b6 25. Be1 Qg7 26. g3 Qh7 27. R7a2
Qe4 28. Qxf7 Rdf8 29. Qxe6 Qe2+ 30. Kh1 Rf1+ 31. Ng1 Qxh5+ 32. Kg2 Ne3# 0-1

[Event "8.HK 60 aars Jubilaeumsturnering 2003"]
[Site "Farum"]
[Date "2003.10.13"]
[Round "2"]
[White "Hejberg, Carsten"]
[Black "Strange, Mikkel"]
[Result "1/2-1/2"]
[WhiteElo "2062"]
[BlackElo "2256"]
[PlyCount "139"]
[EventDate "2003.??.??"]

1. d4 d5 2. c4 e6 3. Nc3 c5 4. cxd5 exd5 5. Nf3 Nc6 6. g3 Nf6 7. Bg2 Be7 8. O-O
O-O 9. Bg5 cxd4 10. Nxd4 h6 11. Be3 Re8 12. Rc1 Bg4 13. Nxc6 bxc6 14. Na4 Qa5
15. f3 Be6 16. a3 Qb5 17. Bd4 Rac8 18. Nc5 Nd7 19. b4 Nxc5 20. Bxc5 Bf6 21. Qd2
a5 22. Rfe1 axb4 23. axb4 Ra8 24. Bf1 Ra3 25. e4 Qb8 26. Bd3 Rd8 27. Qe2 dxe4
28. Bxe4 Bd5 29. Bxd5 Rxd5 30. Qe8+ Qxe8 31. Rxe8+ Kh7 32. Kf2 Rf5 33. f4 g5
34. Be3 Ra2+ 35. Kg1 Re2 36. Kf1 Rxh2 37. Rxc6 Rd5 38. Kg1 Rb2 39. Bf2 Rd1+ 40.
Re1 Rxe1+ 41. Bxe1 Bd4+ 42. Kf1 gxf4 43. gxf4 f5 44. Rc4 Bf6 45. Bf2 Kg6 46.
Bd4 Rb1+ 47. Kg2 Be7 48. Bc5 Rb2+ 49. Kf3 Rb3+ 50. Kg2 Bh4 51. Bd6 Kh5 52. Bf8
Rg3+ 53. Kf1 Rg8 54. Bd6 Kg4 55. b5 Rd8 56. Bc7 Rd2 57. Rb4 Kh3 58. Be5 Rf2+
59. Kg1 Re2 60. Rb1 Bg3 61. b6 Rh2 62. Rb2 Rxb2 63. Bxb2 Bxf4 64. Kf2 Kg4 65.
Bf6 Bd6 66. Kg2 f4 67. Bd8 Kf5 68. Bc7 Ke6 69. Bxd6 Kxd6 70. Kf3 1/2-1/2

[Event "8.HK 60 aars Jubilaeumsturnering 2003"]
[Site "Farum"]
[Date "2003.10.13"]
[Round "2"]
[White "Rathlev, Jakob"]
[Black "Ulrich, Jesper"]
[Result "1-0"]
[WhiteElo "2203"]
[BlackElo "2082"]
[PlyCount "133"]
[EventDate "2003.??.??"]

1. d4 d5 2. Nf3 Nf6 3. Bf4 e6 4. e3 c5 5. Nbd2 Nc6 6. c3 a6 7. Bd3 c4 8. Bc2 b5
9. O-O Bd6 10. Bg5 h6 11. Bh4 Bb7 12. Qe2 O-O 13. e4 dxe4 14. Nxe4 Be7 15. Rfe1
Nxe4 16. Qxe4 g6 17. Bxe7 Qxe7 18. Qf4 Kg7 19. d5 Nd8 20. Rad1 Qf6 21. Qxf6+
Kxf6 22. Ne5 Kg7 23. dxe6 Nxe6 24. Nxg6 Rfe8 25. Nh4 Nf4 26. f3 Rad8 27. Rxe8
Rxe8 28. Nf5+ Kf6 29. Rd6+ Ke5 30. Rd1 Kf6 31. Nd4 h5 32. g3 Nh3+ 33. Kg2 Ng5
34. Rf1 Bc8 35. h4 Bh3+ 36. Kf2 Nxf3 37. Nxf3 Bxf1 38. Kxf1 a5 39. a3 b4 40.
axb4 axb4 41. cxb4 Rb8 42. b3 cxb3 43. Bxb3 Rxb4 44. Nd2 Rd4 45. Ke2 Kf5 46.
Nf1 f6 47. Ne3+ Kg6 48. Bc2+ Kf7 49. Ng2 Kg7 50. Nf4 Kh6 51. Ke3 Rc4 52. Bd1
Rc3+ 53. Kf2 Ra3 54. Bxh5 Ra2+ 55. Be2 Ra3 56. Bd3 Ra2+ 57. Kf3 Ra3 58. Kg4 Ra5
59. Be4 Ra3 60. Nd5 Ra6 61. Ne3 Ra4 62. Kf4 Kh5 63. Nd5 Ra6 64. Kf5 Ra5 65. Kf4
Ra6 66. Ne7 Ra5 67. Nf5 1-0

[Event "8.HK 60 aars Jubilaeumsturnering 2003"]
[Site "Farum"]
[Date "2003.10.13"]
[Round "2"]
[White "Christensen, Rene Baarup"]
[Black "Erichsen, Dan"]
[Result "1/2-1/2"]
[WhiteElo "2020"]
[BlackElo "2154"]
[PlyCount "73"]
[EventDate "2003.??.??"]

1. e4 e5 2. Bc4 Nf6 3. d4 exd4 4. Nf3 Nc6 5. O-O Nxe4 6. Nxd4 d5 7. Re1 Bc5 8.
Bxd5 Nxd4 9. Rxe4+ Ne6 10. Nc3 c6 11. Bxe6 Qxd1+ 12. Nxd1 Bxe6 13. b4 Bb6 14.
c4 O-O-O 15. Bg5 Rd3 16. c5 Bc7 17. Re2 h6 18. Rd2 Rxd2 19. Bxd2 Rd8 20. Bc3 g6
21. Nb2 Bf4 22. a3 Rd5 23. Rd1 Kd7 24. Rxd5+ cxd5 25. Nd3 Bc7 26. b5 Bf5 27.
Ne5+ Bxe5 28. Bxe5 Bd3 29. a4 Bc2 30. a5 Bd3 31. b6 a6 32. f3 Kc6 33. Bd4 Bf5
34. Kf2 Kb5 35. Ke3 Bc8 36. g4 Kxa5 37. Bc3+ 1/2-1/2

[Event "8.HK 60 aars Jubilaeumsturnering 2003"]
[Site "Farum"]
[Date "2003.10.13"]
[Round "2"]
[White "Andersen, Ib Hother"]
[Black "Pallesen, Jacob"]
[Result "0-1"]
[WhiteElo "2137"]
[BlackElo "2059"]
[PlyCount "96"]
[EventDate "2003.??.??"]

1. e4 c5 2. Nf3 d6 3. d4 cxd4 4. Nxd4 Nf6 5. Nc3 g6 6. Be3 Bg7 7. f3 Nc6 8. Qd2
Bd7 9. Bc4 O-O 10. O-O-O Qa5 11. Kb1 Rfc8 12. Bb3 Ne5 13. Bg5 Nc4 14. Bxc4 Rxc4
15. Bxf6 Bxf6 16. Nd5 Qxd2 17. Nxf6+ Kg7 18. Nh5+ Kh6 19. Rxd2 Kxh5 20. h4 Kh6
21. g4 Kg7 22. Ne2 Rc7 23. Nf4 Bc6 24. g5 h6 25. Rg1 h5 26. Nd5 Bxd5 27. Rxd5
Rac8 28. c3 Rc5 29. Rd3 Rf8 30. b3 f6 31. gxf6+ Rxf6 32. c4 Rf4 33. Rh1 g5 34.
hxg5 Rxg5 35. Rd5 Kg6 36. Rxg5+ Kxg5 37. Rg1+ Kf6 38. Rg3 Rh4 39. Kb2 Rh2+ 40.
Ka3 h4 41. Rg8 Rf2 42. Rf8+ Kg5 43. Rf5+ Kg6 44. Rf4 h3 45. Rg4+ Kh5 46. Rg3 h2
47. Rh3+ Kg5 48. Rg3+ Kh4 0-1

[Event "8.HK 60 aars Jubilaeumsturnering 2003"]
[Site "Farum"]
[Date "2003.10.13"]
[Round "2"]
[White "Skjoldan, Benjamin"]
[Black "Mortensen, Henrik"]
[Result "1-0"]
[WhiteElo "2104"]
[BlackElo "2018"]
[PlyCount "117"]
[EventDate "2003.??.??"]

1. c4 e6 2. d4 d5 3. g3 Nf6 4. Bg2 Be7 5. Nf3 O-O 6. b3 Nbd7 7. O-O c6 8. Qc2
Ne4 9. Nfd2 Nxd2 10. Nxd2 Nf6 11. Bb2 b6 12. e4 dxe4 13. Nxe4 Bb7 14. Rfd1 Qc7
15. Rac1 Rfd8 16. f4 Rac8 17. Kh1 h6 18. h3 Nxe4 19. Qxe4 Bf6 20. Rd2 Rd7 21.
Rcd1 c5 22. Qxb7 Qxb7 23. Bxb7 Rxb7 24. dxc5 Bxb2 25. Rxb2 Rxc5 26. Rbd2 Kf8
27. Kg2 Ke7 28. Kf3 b5 29. cxb5 Rcxb5 30. Rc2 h5 31. h4 g6 32. Ke3 Kf6 33. Rd6
Kf5 34. Kf3 Ra5 35. Rd3 e5 36. fxe5 Rxe5 37. Rd4 Kf6 38. Rd6+ Re6 39. Rcc6 Rxd6
40. Rxd6+ Ke5 41. Ra6 Kd4 42. Kf4 Re7 43. Kg5 Ke4 44. Kf6 Rb7 45. Rd6 Kf3 46.
Rd3+ Ke4 47. Rc3 Rd7 48. b4 Rb7 49. a3 Kd4 50. Rf3 Ke4 51. Rf4+ Kd5 52. Kg7 Ke6
53. Rf6+ Ke5 54. Rxf7 Rxf7+ 55. Kxf7 Kf5 56. b5 g5 57. hxg5 Kxg5 58. a4 Kg4 59.
Kg6 1-0

[Event "8.HK 60 aars Jubilaeumsturnering 2003"]
[Site "Farum"]
[Date "2003.10.13"]
[Round "2"]
[White "Ohayv, Nikolaj"]
[Black "Auchenberg, Per"]
[Result "0-1"]
[WhiteElo "1967"]
[BlackElo "2098"]
[PlyCount "97"]
[EventDate "2003.??.??"]

1. e4 c5 2. Nc3 e6 3. f4 a6 4. Nf3 b5 5. d3 Bb7 6. e5 Nh6 7. Be2 Nc6 8. Ne4 Nf5
9. c3 Be7 10. O-O h5 11. Nfg5 g6 12. g4 hxg4 13. Bxg4 d5 14. Bxf5 gxf5 15. Nf6+
Bxf6 16. exf6 d4 17. Qe2 Qxf6 18. Bd2 O-O-O 19. a4 Rh4 20. Be1 Rg4+ 21. Bg3
dxc3 22. bxc3 Qxc3 23. Nxe6 Nd4 24. Nxd4 Qxd4+ 25. Qf2 Qd5 26. Qf3 Qxf3 27.
Rxf3 Bxf3 28. axb5 axb5 29. Rc1 c4 30. dxc4 Rd1+ 31. Rxd1 Bxd1 32. cxb5 Be2 33.
b6 Kb7 34. Kf2 Bc4 35. h4 Rg6 36. h5 Rh6 37. Bh4 Rxh5 38. Bd8 Bd5 39. Bc7 Rh3
40. Ke2 Rb3 41. Kd2 Rxb6 42. Bxb6 Kxb6 43. Kc3 Kc5 44. Kd3 Bc4+ 45. Ke3 Kd5 46.
Kf3 Kd4 47. Kf2 Ke4 48. Kg3 Bd5 49. Kh4 0-1